| 000 | 00894nam a22002057a 4500 | ||
|---|---|---|---|
| 999 |
_c33938 _d33938 |
||
| 003 | OSt | ||
| 005 | 20230607165248.0 | ||
| 008 | 150408b xxu||||| |||| 00| 0 eng d | ||
| 040 | _cBMC | ||
| 082 | _a658 | ||
| 100 | 1 |
_947269 _aAyala Magaña, Fátima Vanesa |
|
| 245 | 1 | 0 |
_aPasantía de asistente de recursos humanos en Empresa League C.A _b: informe final _cFátima Vanesa Ayala Magaña |
| 260 |
_aSanta Ana (El Salvador) _bUniversidad Católica de El Salvador _c2023 |
||
| 300 |
_a1 v. (pág. var.) _c28 cm _e+ 1 disco compacto |
||
| 500 | _aPrecede al tít.: Universidad Católica de El Salvador, Facultad de Ciencias Empresariales | ||
| 502 | _aTrabajo de graduación para optar al grado académico de Licenciatura en Administración de Empresas | ||
| 650 | 2 | 4 |
_94915 _aGestión |
| 710 | 2 |
_91067 _aUniversidad Católica de El Salvador _bFacultad de Ciencias Empresariales |
|
| 942 |
_2ddc _cTG |
||